[Event "OGD Prinsenstad Delft 2014 A"]
[Site "Delft"]
[Date "2014.04.18"]
[Round "2.1"]
[White "Kerigan, Demre"]
[Black "Danin, Alexandre"]
[Result "0-1"]
[LiveChessVersion "1.4.2"]
[BlackElo "2595"]
[WhiteElo "2327"]

1. e4 {[%clk 1:37:23]} e6 {[%clk 1:40:01]} 2. d4 {[%clk 1:37:20]} d5
{[%clk 1:40:08]} 3. Nd2 {[%clk 1:37:15]} Nf6 {[%clk 1:40:10]} 4. e5
{[%clk 1:37:11]} Nfd7 {[%clk 1:40:17]} 5. Bd3 {[%clk 1:37:02]} c5
{[%clk 1:40:23]} 6. c3 {[%clk 1:37:04]} Nc6 {[%clk 1:40:28]} 7. Ngf3
{[%clk 1:36:42]} g6 {[%clk 1:40:21]} 8. h4 {[%clk 1:36:00]} Qb6 {[%clk 1:39:57]}
9. O-O {[%clk 1:33:44]} Bg7 {[%clk 1:39:07]} 10. Re1 {[%clk 1:32:17]} cxd4
{[%clk 1:35:46]} 11. cxd4 {[%clk 1:32:09]} Nxd4 {[%clk 1:35:52]} 12. Nxd4
{[%clk 1:32:11]} Qxd4 {[%clk 1:35:59]} 13. Nf3 {[%clk 1:32:12]} Qg4
{[%clk 1:36:01]} 14. Qc2 {[%clk 1:26:35]} O-O {[%clk 1:23:44]} 15. Bg5
{[%clk 1:12:58]} f6 {[%clk 1:22:02]} 16. exf6 {[%clk 1:08:13]} Bxf6
{[%clk 1:21:18]} 17. Re3 {[%clk 1:01:03]} Bxg5 {[%clk 1:00:16]} 18. hxg5
{[%clk 0:55:21]} Rxf3 {[%clk 0:58:10]} 19. Rxf3 {[%clk 0:53:23]} Ne5
{[%clk 0:58:13]} 20. Rg3 {[%clk 0:51:39]} Qf4 {[%clk 0:58:19]} 21. Re1
{[%clk 0:46:26]} Bd7 {[%clk 0:57:50]} 22. Qc1 {[%clk 0:42:22]} Qd4
{[%clk 0:38:51]} 23. Qe3 {[%clk 0:40:35]} Nc6 {[%clk 0:38:33]} 24. Qxd4
{[%clk 0:37:41]} Nxd4 {[%clk 0:38:30]} 25. Rc1 {[%clk 0:36:27]} Nc6
{[%clk 0:32:01]} 26. Rc5 {[%clk 0:34:02]} Rf8 {[%clk 0:28:31]} 27. Bb5
{[%clk 0:28:03]} Rf4 {[%clk 0:26:11]} 28. Re3 {[%clk 0:26:25]} Kf7
{[%clk 0:25:18]} 29. Bxc6 {[%clk 0:22:50]} Bxc6 {[%clk 0:25:18]} 30. Rh3
{[%clk 0:21:00]} Ke7 {[%clk 0:21:14]} 31. Rxh7+ {[%clk 0:19:45]} Kd6
{[%clk 0:21:19]} 32. Rc1 {[%clk 0:19:12]} Rg4 {[%clk 0:20:48]} 33. f3
{[%clk 0:18:50]} Rxg5 {[%clk 0:20:37]} 34. Kf2 {[%clk 0:18:13]} e5
{[%clk 0:15:32]} 35. Rg7 {[%clk 0:14:57]} e4 {[%clk 0:13:38]} 36. g4
{[%clk 0:14:13]} d4 {[%clk 0:05:56]} 37. Kg3 {[%clk 0:12:00]} e3 {[%clk 0:03:45]}
38. Kf4 {[%clk 0:11:58]} Rd5 {[%clk 0:03:47]} 39. Rxg6+ {[%clk 0:12:00]} Kc7
{[%clk 0:03:49]} 40. Rg7+ {[%clk 0:10:25]} Kd6 {[%clk 0:01:40]} 41. Rg6+
{[%clk 0:10:27]} Kc7 {[%clk 0:01:47]} 42. Re6 {[%clk 0:09:52]} Kd7
{[%clk 0:01:10]} 43. Re4 {[%clk 0:08:32]} Rd6 {[%clk 0:01:08]} 44. Re5
{[%clk 0:08:23]} Rf6+ {[%clk 0:00:58]} 45. Rf5 {[%clk 0:08:22]} Re6
{[%clk 0:00:58]} 46. Re1 {[%clk 0:07:16]} e2 {[%clk 0:00:50]} 47. Rc5
{[%clk 0:00:21]} d3 {[%clk 0:00:51]} 48. Rc3 {[%clk 0:00:28]} d2 {[%clk 0:00:15]}
49. Rd3+ {[%clk 0:00:36]} Rd6 {[%clk 0:00:21]} 50. Rxd2 {[%clk 0:00:41]} Rxd2
{[%clk 0:00:27]} 51. g5 {[%clk 0:00:35]} Rxb2 {[%clk 0:00:16]} 52. g6
{[%clk 0:00:37]} Ke7 {[%clk 0:00:15]} 53. Rg1 {[%clk 0:00:17]} Kf6
{[%clk 0:00:12]} 54. Ke5+ Kxe5 0-1